| 000 | 00378pab a2200157 454500 | ||
|---|---|---|---|
| 008 | 180718b2008 xxu||||| |||| 00| 0 eng d | ||
| 100 | _aHallstrom, Niclas | ||
| 245 | _aWhat next? Climate change, technology and development | ||
| 260 | _c2008 | ||
| 300 | _ap.375-81. | ||
| 362 | _aSep | ||
| 650 | _aClimatic change | ||
| 773 | _aDevelopment | ||
| 908 | _aN | ||
| 909 | _a79836 | ||
| 999 |
_c79836 _d79836 |
||